000 00237 a2200097 4500
001 52182
100 _aChell G G
245 _aDevelopments in Fracture (Vol-I)
260 _aLondon
_bApplied Science Publishers
_c
090 _c32845
_d32845
942 _aNUST-CAE
_cM
_c25386
999 _c287255
_d287255